WWE 2K23 Roster - Statistics

General Stats
  • This quiz has been taken 158 times
    153 since last reset
  • The average score is 99 of 249
Answer Stats
Hint Answer % Correct
John Cena
78%
John Cena '02
78%
John Cena '03
78%
John Cena '06
78%
John Cena '08
78%
John Cena '09
78%
John Cena '12
78%
John Cena '14
78%
John Cena '16
78%
John Cena '18
78%
Super Cena
78%
Deluxe The Prototype (John Cena)
78%
Roman Reigns
76%
Rey Mysterio
72%
Triple H
72%
Triple H '08
72%
Undertaker
72%
Undertaker '03
72%
Undertaker '18
72%
Undertaker '98
72%
Logan Paul
71%
Jimmy Uso
69%
Seth "Freakin" Rollins
69%
Brock Lesnar
68%
Deluxe Brock Lesnar '01
68%
Brock Lesnar '03
68%
Brock Lesnar '14
68%
Jey Uso
68%
The Rock
68%
The Rock '12
68%
AJ Styles
66%
Cody Rhodes
66%
Edge
66%
Edge '06
66%
Manager Paul Heyman
66%
Randy Orton
66%
Deluxe Randy Orton '02
66%
Randy Orton '09
66%
Kurt Angle
65%
DLC Bray Wyatt
64%
Stone Cold Steve Austin
64%
The Miz
64%
Kane
62%
Kane '08
62%
Big E
61%
Finn Balor
61%
Charlotte Flair
60%
Hollywood Hogan
60%
Kevin Owens
60%
Rey Mysterio Jr.
60%
Shawn Michaels
60%
Asuka
59%
Becky Lynch
59%
Hulk Hogan
59%
Hulk Hogan '02
59%
Kofi Kingston
58%
Rhea Ripley
58%
Bayley
56%
Bobby Lashley
56%
Damian Priest
56%
Sami Zayn
56%
Xavier Woods
56%
Bianca Belair
55%
Dominik Mysterio
55%
Mr. McMahon
55%
Angel
54%
Andre the Giant
53%
Braun Strowman
52%
Drew McIntyre
52%
Gunther
52%
Deluxe Leviathan
52%
Sheamus
52%
Solo Sikoa
52%
Batista
51%
Batista '08
51%
Jean-Paul Levesque
51%
Chad Gable
49%
Otis
49%
Alexa Bliss
48%
Austin Theory
48%
Bret Hart
48%
Eddie Guerrero
48%
LA Knight
47%
Shane McMahon
47%
Stephanie McMahon
47%
Bron Breakker
46%
Dolph Ziggler
46%
R-Truth
46%
Pre-Order Bad Bunny
45%
Dakota Kai
45%
Iyo Sky
45%
Angelo Dawkins
44%
Ivar
44%
Ricochet
44%
Butch
42%
Montez Ford
42%
Omos
41%
Randy Savage
41%
Erik
40%
Liv Morgan
40%
Rob Van Dam
40%
Eddie Guerrero '97
39%
Johnny Gargano
39%
Lita
39%
Shawn Michaels '05
39%
Shinsuke Nakamura
39%
Cactus Jack
38%
Diesel
38%
Ludwig Kaiser
38%
MVP
38%
Trish Stratus
38%
Carmelo Hayes
36%
Cedric Alexander
36%
Happy Corbin
36%
JBL
36%
Natalya
36%
Razor Ramon
36%
Santos Escobar
36%
Shelton Benjamin
36%
Syxx
36%
Yokozuna
36%
Akira Tozawa
35%
Booker T
35%
Goldberg
35%
Grayson Waller
35%
DLC Karl Anderson
35%
DLC Luke Gallows
35%
X-Pac
35%
Brie Bella
34%
Ronda Rousey
34%
Carmella
33%
Giovanni Vinci
33%
Tommaso Ciampa
33%
Ultimate Warrior
33%
Umaga
33%
Apollo Crews
32%
DLC / Manager B-Fab
32%
Kevin Nash
32%
Kevin Nash (NWO)
32%
Ridge Holland
32%
Rikishi
32%
Manager Adam Pearce
31%
Beth Phoenix
31%
Humberto
31%
JD McDonagh
31%
Nikki Bella
31%
Queen Zelina
31%
Manager Bobby Heenan
29%
Jinder Mahal
29%
Matt Riddle
29%
Nikki A.S.H
29%
DLC Trick Williams
29%
Axiom
28%
Karrion Kross
28%
Maryse
28%
Mia Yim
28%
Scott Hall
28%
Scott Hall (NWO)
28%
DLC Tiffany Stratton
28%
Alba Fyre
27%
Doudrop
27%
Indi Hartwell
27%
Mace
27%
Shayna Baszler
27%
DLC Uncle Howdy
27%
DLC Wade Barrett
27%
Zoey Stark
27%
Chyna
26%
Ilja Dragunov
26%
Mansoor
26%
DLC Top Dolla
26%
Big Boss Man
25%
British Bulldog
25%
Candice LeRae
25%
Cruz Del Toro
25%
Dexter Lumis
25%
Eric Bischoff
25%
Shotzi
25%
The Boogeyman
25%
Wes Lee
25%
Aliyah
24%
Bruno Sammartino
24%
Brutus Creed
24%
Drew Gulak
24%
Joaquin Wilde
24%
Robert Roode
24%
Roxanne Perez
24%
Manager Scarlett
24%
Shanky
24%
Tyler Bate
24%
Cora Jade
22%
Elias
22%
DLC Eve Torres
22%
Gigi Dolin
22%
Jim Neidhart
22%
Sonya Deville
22%
Vader
22%
DLC Valhalla
22%
DLC Andre Chase
21%
DLC Ashante Adonis
21%
Noam Dar
21%
Raquel Rodriguez
21%
Tamina
21%
Ted Dibiase
21%
Titus O'Neil
21%
Tyler Breeze
21%
Xia Li
21%
Faarooq
20%
Jerry Lawler
20%
Julius Creed
20%
Mustafa Ali
20%
DLC Rick Steiner
20%
DLC Scott Steiner
20%
Cameron Grimes
19%
Jake Roberts
19%
Dana Brooke
18%
Doink the Clown
18%
DlC Elton Prince
18%
Katana Chance
18%
Lacey Evans
18%
Rick Boogs
18%
Veer Mahaan
18%
DLC Kit Wilson
16%
DLC Nathan Frazer
16%
Reggie
16%
Rowdy Roddy Piper
16%
T-Bar
16%
DLC Harley Race
15%
Kayden Carter
15%
Madcap Moss
15%
Stacy Keibler
15%
Zeus
15%
DLC Blair Davenport
14%
Jacy Jayne
14%
The Hurricane
14%
DLC Tony D'Angelo
14%
Ezekiel
13%
DLC Ivy Nile
13%
Mighty Molly
13%
Nikkita Lyons
13%
DLC Wendy Choo
13%
Commander Azeez
12%
DLC Joe Gacy
12%
Molly Holly
12%
Molly Holly '02
12%
DLC Damon Kemp
11%
No matching quizzes found
Score Distribution
Percent of People with Each Score
Percentile by Number Answered
Your Score History
You have not taken this quiz since the last reset